| 000 | 00609nam a2200193Ia 4500 | ||
|---|---|---|---|
| 008 | 120822t2005 xxu||||| |||| 00| 0 sin d | ||
| 041 | _asin | ||
| 080 |
_a8-31 (German) _bGRE |
||
| 100 | _aGreem,Jeckob Ludwig Carl | ||
| 245 | _aග්රීම් සොහොයුරන්ගේ සුරංගනා කතා - 1 | ||
| 246 | _aGreem Sohoyurange Surangana Katha - 1 | ||
| 260 |
_aM. D. Gunasena _aColombo _c2005 |
||
| 300 | _b282p, ill, 18 cm | ||
| 700 | _aGreem,Wilhelm Carl | ||
| 700 |
_aHemaloka Himi,Uurapola _etr. |
||
| 942 | _cBK | ||
| 999 |
_c40953 _d40953 |
||
| 003 | LK-CoDNM | ||
| 040 |
_aLK-CoDNM _dLK-CoDNM _eLK-CoDNM |
||